000 00250nam a2200085Ia 4500
008 170620s9999 xx 000 0 und d
100 _aKumari- M. Alice Raj
245 0 _aMethods of Teaching Educational Psychology
260 _bNew Delhi- Discovery Publishing House
260 _c2004
999 _c24446
_d24446